000 00605nam a2200241 a 4500
001 nice12345678
003 IN_TiNIC
005 20260116011418.0
008 050524s1961 lona grp 000 0 eng
020 _a
_c100
082 0 0 _a220.9
_bHER
100 _aHerricott, C T M
245 _aOld Testament (its Origins and Composition)
260 _aLondon
_bOliver and Boyd
_c1961
300 _a354p
500 _aincludes index and biblioraphy
505 2 _aIndex, Bibliography
650 _aBible O.T. History
700 1 _aHerricott, C T M
902 _bSRS
942 _cBK
999 _c1299
_d1299